| 000 | 00941nam a2200217 a 4500 | ||
|---|---|---|---|
| 001 | 000041638 | ||
| 005 | 20201002035659.0 | ||
| 008 | 131014s1996 sp ab 000 0 spa d | ||
| 020 | _a8400076060 | ||
| 020 | _a8400076060 | ||
| 040 |
_aDO-SdBNP _bspa _cBNPHU |
||
| 082 |
_axxx _bS122e |
||
| 100 | 1 |
_aSaco del Valle, Almudena Orejas _968426 |
|
| 245 | 1 | 0 |
_aEstructura social y territorio : _bel impacto romano en la cuenca noroccidental del Duero / _cAlmudena Orejas Saco del Valle. |
| 260 |
_aMadrid : _bConsejo Superior de Investigaciones Científicas, Centro de Estudios Históricos, Departamento de Historia Antigua y Arqueología, _c1996. |
||
| 300 |
_a255 p. : _bil., maps ; _c29 cm. |
||
| 490 | 1 |
_aAnejos de archivo español de arqueología _v15 |
|
| 500 | _aIncluye referencias bibliográficas y notas al pie de las páginas. | ||
| 504 | _aBibliografía: p. 225-251 | ||
| 830 | 0 |
_aAnejos de archivo español de arqueología _n15 _968427 |
|
| 999 |
_c41128 _d41128 |
||